Countries, States, Capitals, Elements: Highest & Lowest Scrabble Score - Statistics

General Stats
  • This quiz has been taken 31 times
  • The average score is 23 of 66
Answer Stats
Score Answer % Correct
30 Kyrgyzstan
68%
50 Democratic Republic of the Congo
64%
30 Kazakhstan
61%
26 Saint Kitts and Nevis
61%
39 Saint Vincent and the Grenadines
61%
5 Togo
57%
28 Dominican Republic
54%
39 Federated States of Micronesia
54%
34 Mozambique
54%
33 Republic of the Congo
54%
25 Uzbekistan
54%
28 Azerbaijan
50%
39 Bosnia and Herzegovina
50%
35 Central African Republic
50%
6 Rome
50%
43 Sri Jayawardenepura Kotte
50%
4 Iron
46%
6 Lima
46%
6 Malé
43%
6 Mali
43%
26 Mexico City
43%
4 Neon
43%
23 United Arab Emirates
43%
26 Zimbabwe
43%
24 Antigua and Barbuda
39%
6 Argon
39%
6 Gold
39%
3 Tin
39%
23 Trinidad and Tobago
39%
26 Equatorial Guinea
36%
4 Iran
36%
5 Nauru
36%
27 São Tomé and Príncipe
36%
6 Bern
32%
4 Laos
32%
6 Lomé
32%
23 New Mexico
32%
6 Peru
32%
26 Bandar Seri Begawan
29%
23 New Zealand
29%
6 Niger
29%
6 Oman
29%
4 Oslo
29%
6 Radon
29%
5 Riga
29%
5 Dili
25%
6 Tonga
25%
6 Apia
21%
35 Czech Republic
21%
5 Lead
21%
5 Seoul
21%
25 New Hampshire
18%
30 Reykjavík
18%
6 Sudan
18%
24 Switzerland
18%
5 Tunis
18%
6 Astana
14%
34 Brazzaville
14%
6 India
14%
6 Russia
14%
5 Sana'a
14%
25 Ljubljana
11%
6 Nassau
7%
6 Israel
4%
6 Roseau
4%
6 Tirana
4%
No matching quizzes found
Score Distribution
Percent of People with Each Score
Percentile by Number Answered
Your Score History
You have not taken this quiz